Statistics for 2nd Largest Cities - Hard

Click here to take the quiz!

General Stats

  • This quiz has been taken 77 times
  • The average score is 9 of 15

Answer Stats

Country City % Correct
AustraliaMelbourne
96%
TurkeyAnkara
92%
BelgiumAntwerp
89%
NetherlandsRotterdam
87%
SwitzerlandGeneva
86%
GreeceThessaloniki
69%
AustriaGraz
63%
CroatiaSplit
63%
ArgentinaCórdoba
61%
AlgeriaOran
58%
DenmarkAarhus
56%
HungaryDebrecen
32%
FinlandEspoo
25%
ChileConcepción
21%
MexicoEcatepec
17%

Score Distribution

Percentile by Number Answered

Percent of People with Each Score

Your Score History

You have not taken this quiz